El derecho penal histórico de Aragón
Kaydedildi:
| Yazar: | |
|---|---|
| Materyal Türü: | Kitap |
| Dil: | İspanyolca |
| Baskı/Yayın Bilgisi: |
Zaragoza
Institución Fernando el Católico
1977
|
| Seri Bilgileri: | Tesis Doctorales, 22
|
| Konular: | |
| Etiketler: |
Etiketle
Etiket eklenmemiş, İlk siz ekleyin!
|
MARC
| LEADER | 00000nam a2200000 a 4500 | ||
|---|---|---|---|
| 001 | UCR2547 | ||
| 003 | CL-VaPUC | ||
| 008 | 980112e19770000SP |||||||||||||||||spa|d | ||
| 082 | 0 | 4 | |a 349.46 |b GUA |2 21 |
| 100 | 0 | |a Guallart de Viala, Alfonso |e author |9 400463 | |
| 245 | 1 | 3 | |a El derecho penal histórico de Aragón |
| 300 | |a 228 p | ||
| 942 | |c BK | ||
| 945 | |d 19980112 00:00:00 |a crobeson | ||
| 260 | |a Zaragoza |b Institución Fernando el Católico |c 1977 | ||
| 650 | 0 | |a Derecho español |9 255291 | |
| 650 | 7 | |a DERECHO PENAL |2 CL-VaPUC |9 11 | |
| 650 | 0 | |a Historia del derecho |9 255109 | |
| 651 | 0 | |a España |9 254926 | |
| 651 | 0 | |a Aragón |9 323383 | |
| 583 | |a last modification |c 19980112 00:00:00 |k Rodrigo Vera | ||
| 490 | 0 | |a Tesis Doctorales, 22 | |
| 999 | |c 265681 |d 265679 | ||
| 952 | |0 0 |1 0 |4 0 |6 349_460000000000000_GUA_1977 |7 0 |8 DER_HIS |9 296698 |a BIBDER |b BIBDER |d 2019-11-20 |i 1924583 |o 349.46 GUA 1977 |p 1924583 |r 2023-01-25 |w 2019-11-20 |x Ubicación 4to Piso |y BK |z Estos recursos deben solicitarse con anticipación |k DER | ||